Building a vituary library
This book explores the dynamics of building a virtual library at the university of South Florida within the context of national developments and standards. This illustration will assist the reader in understanding and developing similar resources and services for his or her library
שמור ב:
| מחבר ראשי: | |
|---|---|
| פורמט: | ספר |
| שפה: | Undetermined |
| יצא לאור: |
Hershey
Information Science Publishing
2002
|
| נושאים: | |
| תגים: |
הוספת תג
אין תגיות, היה/י הראשונ/ה לתייג את הרשומה!
|
| Thư viện lưu trữ: | Trung tâm Học liệu Trường Đại học Cần Thơ |
|---|
| LEADER | 00943nam a2200217Ia 4500 | ||
|---|---|---|---|
| 001 | CTU_128591 | ||
| 008 | 210402s9999 xx 000 0 und d | ||
| 020 | |c 1288000 | ||
| 082 | |a 025 | ||
| 082 | |b H251 | ||
| 100 | |a Hanson, Ardis | ||
| 245 | 0 | |a Building a vituary library | |
| 245 | 0 | |c Ardis Hanson and Bruce Lubotsky Levin. | |
| 260 | |a Hershey | ||
| 260 | |b Information Science Publishing | ||
| 260 | |c 2002 | ||
| 520 | |a This book explores the dynamics of building a virtual library at the university of South Florida within the context of national developments and standards. This illustration will assist the reader in understanding and developing similar resources and services for his or her library | ||
| 650 | |a digital libraries,libraries,academic libraries | ||
| 650 | |x planning,special collections,electronic information resources,automation | ||
| 904 | |i Năm | ||
| 980 | |a Trung tâm Học liệu Trường Đại học Cần Thơ | ||